000 00583nam a2200205Ia 4500
005 20250923150057.0
008 008 250917s9999 xx 000 0 eng d
037 _aTextual
040 _aDSWL
_beng
_cDSWL
041 _aeng
_2eng
084 _aYX:F, POO
_qDSWL
245 0 _aDanger in the field: Risk and ethics in social work
_c Ed.by GLee-Treweek
260 _aLondon
_bRontledge Press
_c2000
300 _a212p.
365 _aINR
_b1189.3
700 _a S Linkedgle
_9841969
925 _g1189.3
942 _cTEXL
_hYX:F, POO
999 _c1459299
_d1459299